Syndikované úvěry - flexibilní nástroj financování

Výhody a rozvoj syndikovaných úverov. Delenie trhu syndikovaných úverov: primárny a sekundárny, domáci a medzinárodný. Syndikovaný úver poskytujú dve alebo viacej bánk. Syndikovaný úver ako multibanková transakcia.

Salvato in:
Dettagli Bibliografici
Autore principale: Pohanka, Jiří
Natura: Capitolo di libro
Lingua:ceco
Soggetti:
Tags: Aggiungi Tag
Nessun Tag, puoi essere il primo ad aggiungerne!!

MARC

LEADER 00000naa a2200000 4500
001 r046736
005 20231004072729.9
041 0 |a cze 
044 |a CZ 
245 1 0 |a Syndikované úvěry - flexibilní nástroj financování  |c Jiří Pohanka 
520 |a Výhody a rozvoj syndikovaných úverov. Delenie trhu syndikovaných úverov: primárny a sekundárny, domáci a medzinárodný. Syndikovaný úver poskytujú dve alebo viacej bánk. Syndikovaný úver ako multibanková transakcia. 
610 2 0 |a úver 
610 2 0 |a úver syndikovaný 
610 2 0 |a syndikáty 
610 2 0 |a banky 
610 2 0 |a financovanie 
610 2 0 |a pojmy 
610 2 0 |a úver strednodobý 
100 1 |a Pohanka, Jiří